000 00596cab a2200229 4500
001 X1779
008 090401t1994 xxu||||| |||| 00| 0 eng d
035 _a(Sirsi) u19211
041 _aeng
100 _aOkoneski, R.J.
245 _aPresent values: a useful underwriting tool?
260 _c1994
350 _a0
490 _aAppraisal Journal
_v62(4) October 1994, 609-617(7)
650 _aCOLLATERAL EVALUATION
650 _aCOLLATERAL VALUE
650 _aDISCOUNTED CASH FLOW ANALYSIS
650 _aUNDERWRITING
690 _aInsurance
_96249
942 _n0
948 _c04/03/1997
999 _c12801
_d12801